Fruitastic!Malaysia : for healthy living, longevity and wellness.
| Main Author: | |
|---|---|
| Format: | Book |
| Published: |
Petaling Jaya, Selangor:
MPH Group Publishing,
2007.
|
| Subjects: |
| LEADER | 00510cam a2200157 7i4500 | ||
|---|---|---|---|
| 001 | 0000019881 | ||
| 005 | 20190927090000.0 | ||
| 020 | # | # | |a 978-983-3698-51-6 |
| 090 | 0 | 0 | |a B 641.64 |b GIL (LRM) |
| 100 | 1 | # | |a Gill |
| 245 | 1 | 0 | |a Fruitastic!Malaysia : |b for healthy living, longevity and wellness. |
| 260 | 0 | 0 | |a Petaling Jaya, Selangor: |b MPH Group Publishing, |c 2007. |
| 300 | # | # | |a 147 p. |
| 650 | 0 | 0 | |a Cookery (Fruit) -- |x Health aspects |
| 650 | 0 | 0 | |a Cookery (Fruit) |
| 999 | |a B000020960 |b Book |c Malaysia |e Business Information Centre | ||


